| 000 | 00866nam a2200265 a 4500 | ||
|---|---|---|---|
| 001 | 603 | ||
| 003 | BR-CuiBMT | ||
| 005 | 20231110163446.0 | ||
| 008 | 231101s2011 prba 001 0 por d | ||
| 020 | _a9788536235448 | ||
| 040 |
_aBR-CuiBMT _cBR-CuiBMT |
||
| 080 |
_a351.72:352 _22007 |
||
| 090 |
_a351.72:352 _bB898l _c4. ed. |
||
| 100 | 1 | _aBruno, Reinaldo Moreira | |
| 245 | 0 |
_aLei de responsabilidade fiscal e orçamento público municipal / _cReinaldo Moreira Bruno. |
|
| 250 | _a4. ed. rev. e atual. | ||
| 260 |
_aCuritiba: _bJuruá, _c2011. |
||
| 300 |
_a350 p. ; _bil. : _c21 cm |
||
| 504 | _aInclui bibliografia e índice. | ||
| 650 |
_aLei de Responsabilidade fiscal _xMunicípio _zBrasil |
||
| 650 |
_aFinanças públicas _vLegislação _zBrasil |
||
| 650 |
_aAdministração pública _zBrasil |
||
| 650 |
_aOrçamento público _zBrasil |
||
| 942 |
_2udc _cLV |
||
| 999 |
_c603 _d603 |
||